000 00420nam a2200181Ia 4500
005 20240823062719.0
008 240823s9999||||xx |||||||||||||| ||und||
041 _aENGLISH
082 _A518.22
100 _aGupta K M
245 0 _aFundamentals of applied Statistics
250 _a3rd
260 _b"S Chand,New "
500 _aTRANSFERED
650 _aStatistics
_bMathematics
942 _cBK
999 _c236537
_d236537